| 000 | 00520nam a2200145Ia 4500 | ||
|---|---|---|---|
| 003 | OSt | ||
| 005 | 20260202124538.0 | ||
| 008 | 211028s2019 xx 000 0 und d | ||
| 040 | _cAIMIT LIBRARY | ||
| 041 | _aeng | ||
| 100 |
_aShenoy, B Rajeshwari; Thomas, Babu. _g1716040 _98020 |
||
| 245 | _aAn empirical study on organizational culture in relation to globe perspective with reference to Mangalore refinery and petrochemical Ltd (MRPL) , Mangalore / | ||
| 260 |
_aMangalore _bLestan D'Souza _c2019 |
||
| 942 |
_2ddc _cPRO |
||
| 999 |
_c219588 _d219588 |
||